000 02406nam a22002417a 4500
005 20220406095240.0
008 220406b ||||| |||| 00| 0 eng d
020 _a0060532491
040 _cAL
041 _aEnglish
082 _223
_a320.973
_bPACF
100 _aGeorge Packer
_927835
245 _aFight Is for Democracy: Winning the War of Ideas in America and the World
260 _aNew York
_bPerennial
_c2003
300 _a293 p.
_bPB
_c20x13 cm.
520 _aAmericans aren't fighting just a war on terrorism ... they are fighting, and losing, a war of ideas. This riveting collection of original essays by some of the best political minds in America argues that the post–September 11 era has put American democracy itself on trial. In short, defeating terrorism requires us to live up to our own ideals. In The Fight Is for Democracy, nine leading writers take a hard, and at times personal, look at American life and America's role in the world. These pieces share a belief in the need for liberal reform at home and abroad. Power alone is not enough to win hearts and minds around the world. The war against terrorism should be a war for democracy. Edited and with an Introduction by George Packer, The Fight Is for Democracy pushes the national debate in provocative new directions with essays on: Domestic politics and foreign policy -- Michael Tomasky, political columnist for New York magazine Human rights and intervention -- Laura Secor, Boston Globe staff writer Secularism -- Vijay Seshadri, author and professor at Sarah Lawrence College Patriotism -- Todd Gitlin, author and professor of journalism and sociology at Columbia University Politics in the Arab World -- Kanan Makiya, author and professor at Brandeis University Intellectuals and American culture -- Susie Linfield, associate director of the Cultural Reporting and Criticism program at New York University Globalization -- William Finnegan, staff writer at The New Yorker Economic inequality -- Jeff Madrick, editor of Challenge magazine Liberalism and terror -- Paul Berman, contributing editor of The New Republic
650 _aDemocracy -- United States
_927836
650 _aNational characteristics, American
_927837
650 _aAnti-Americanism
_927838
650 _aUnited States -- Foreign public opinion
_927839
700 _aPACKER (George) Ed
_927840
942 _2ddc
_cGF
999 _c222205
_d222205